| Tag |
First Indicator |
Second Indicator |
Subfields |
| LEADER |
00000cam a2200000 4500 |
| 001 |
in00003452575 |
| 005 |
20151206103448.0 |
| 008 |
750722|1949||||||| |||||||por u |
| 010 |
|
|
|a 51036118
|
| 035 |
|
|
|a (OCoLC)ocm01467248
|
| 040 |
|
|
|c FUG
|d m.c.
|d TNY
|d UtOrBLW
|
| 082 |
0 |
|
|a 923.281
|
| 090 |
|
|
|a F2537.B24
|b R4 1949
|
| 100 |
1 |
|
|a Reale, Miguel.
|
| 245 |
1 |
0 |
|a Posićão de Rui Barbosa, no mundo da filosofia ;
|b subsíos para a compreensão de uma trajetória espiritual.
|
| 264 |
|
1 |
|a [Rio de Janeiro] :
|b Casa de Rui Barbosa,
|c 1949.
|
| 300 |
|
|
|a 60 pages, 2 unnumbered leaves of plates :
|b portraits ;
|c 24cm.
|
| 336 |
|
|
|a text
|b txt
|2 rdacontent
|
| 337 |
|
|
|a unmediated
|b n
|2 rdamedia
|
| 338 |
|
|
|a volume
|b nc
|2 rdacarrier
|
| 600 |
1 |
0 |
|a Barbosa, Ruy,
|d 1849-1923.
|
| 999 |
|
|
|a MARS
|
| 999 |
f |
f |
|s 0271c309-64b5-3290-b212-a2c76c793c04
|i 2c09127a-bbe7-36b3-8065-835bacecfcd1
|t 0
|
| 952 |
f |
f |
|p ric
|a Texas A&M University
|b Rellis Campus
|c Joint Library Facility
|d Remote Storage
|t 0
|e F2537.B24 R4 1949
|h Library of Congress classification
|i unmediated -- volume
|m 32060004002867
|
| 998 |
f |
f |
|a F2537.B24 R4 1949
|t 0
|l Remote Storage
|